000 00707cam a22002413a 4500
001 9601
003 PGUSA
005 20140828083214.0
008 060101s2006||||xxu|||||s|||||000 p eng d
040 _aPGUSA
_beng
042 _adc
050 4 _aPR
100 1 _aPope, Alexander,
_d1688-1744
245 1 4 _aThe Poetical Works of Alexander Pope, Volume 2
_h[electronic resource] /
_cAlexander Pope
260 _bProject Gutenberg,
_c2006
506 _aPublic domain in the USA.
516 _aElectronic text
653 _aEnglish poetry -- 18th century
700 1 _aGilfillan, George,
_d1813-1878
830 0 _aProject Gutenberg
_v9601
856 4 0 _uhttp://www.gutenberg.org/ebooks/9601
942 _cEB
999 _c238857
_d238857